• 首页
  • 本馆介绍
  • 公告通知
  • 最新文献
  • 馆藏检索
  • 电子资源
  • 读者导购
  • 参考咨询
  • 我的图书馆
  • 登录
  • 详细信息显示
  • 放入我的书架
  • 预约/预借图书
  • 作者相关作品
  • 分类相关作品
  • 丛书相关作品
  • 出版社相关作品

书目信息

  • 表格格式
  • 工作单格式
  • 卡片格式
题名:
记忆之场
    
 
作者: 诺拉 主编 ;黄艳红 译
分册:  
出版信息: 南京   南京大学出版社  2020.01
页数: XVIII, 602页
开本: 24cm
丛书名: 学衡历史与记忆译丛
单 册:
中图分类: K565.0 , K565
科图分类:
主题词: 社会史--she hui shi--研究--法国
电子资源:
ISBN: 978-7-305-22231-3
000 01436nam 2200361 450
001 2255446863
005 20220916152441.05
010    @a978-7-305-22231-3@b精装@dCNY128.00
092    @aCN@bRt918-1998
100    @a20200319d2020 em y0chiy50 ea
101 1  @achi@cfre
102    @aCN@b320000
105    @ay a 000yy
200 1  @a记忆之场@Aji yi zhi chang@e法国国民意识的文化社会史@f(法) 皮埃尔·诺拉主编@d= Les lieux de mémoire@fPierre Nora@g黄艳红等译@zfre
210    @a南京@c南京大学出版社@d2020.01
215    @aXVIII, 602页@d24cm
225 2  @a学衡历史与记忆译丛@Axue heng li shi yu ji yi yi cong
305    @a据原书第3版译出
314    @a皮埃尔·诺拉, 法国著名历史学家和学术编辑, 著有《阿尔及利亚的法国人》等。
320    @a有书目
330    @a本书从曾获得法国最高学术奖的《记忆之场》的135篇论文中, 精选了11篇论文, 分为三组: 记忆与历史, 记忆与象征, 记忆与叙事, 旨在从文化-社会史语境中回溯历史, 探讨形塑法国“国民意识”的记忆之场。
410  0 @12001 @a学衡历史与记忆译丛
500 10 @aLieux de mémoire@mChinese
517 1  @a法国国民意识的文化社会史@Afa guo guo min yi shi de wen hua she hui shi
606 0  @a社会史@Ashe hui shi@x研究@y法国
690    @aK565.0@v5
690    @aK565@v4
701  1 @a诺拉@Anuo la@g(Nora, Pierre),@f1931-@4主编
702  0 @a黄艳红@Ahuang yan hong@4译
801  0 @aCN@b人天书店@c20200319
901    @a江苏南京大学出版社
905    @aZUCC@dK565@e4
997    @a期货
    
    记忆之场:法国国民意识的文化社会史/(法) 皮埃尔·诺拉主编= Les lieux de mémoire/Pierre Nora/黄艳红等译.-南京:南京大学出版社,2020.01
    XVIII, 602页;24cm.-(学衡历史与记忆译丛)
    
    
    ISBN 978-7-305-22231-3(精装):CNY128.00
    本书从曾获得法国最高学术奖的《记忆之场》的135篇论文中, 精选了11篇论文, 分为三组: 记忆与历史, 记忆与象征, 记忆与叙事, 旨在从文化-社会史语境中回溯历史, 探讨形塑法国“国民意识”的记忆之场。
●
相关链接 在五车中查询图书 在当当中查询图书 在豆瓣中查询图书


正题名:记忆之场     索取号:K565/4         预约/预借

序号 登录号 条形码 馆藏地/架位号 状态 备注
1 2000894355   2000894355   第三书库/ [索取号:K565/4] 在馆    
2 2000894356   2000894356   第三书库/ [索取号:K565/4] 在馆    
3 2000894357   2000894357   第三书库/ [索取号:K565/4] 在馆    
山东省滨州职业学院图书馆 欢迎您!
大连网信软件有限公司© 版权所有